00698nam a2200193 a 450000100100000000500170001000800410002702000150006804000250008310000340010824500630014226000300020530000210023550000210025650400320027750400730030995201050038299900170048700004410920201002045143.0140516s1994 sp 000 0 spa d a8420696803 aDO-SdBNPbspacBNPHU1 aVidal, César,c1958-95981914aLos documentos del mar Muerto /cCésar Vidal Manzanares. aMadrid :bAlianza,c1994. a175 p. ;c22 cm. aIncluye índice aBibliografía : p. 167 171 aIncluye referencias bibliográficas y notas al pie de las páginas 001050718MOaGRbGRcCTd2014-05-16iLF1l0o p44109-10r2020-06-25w2020-06-25y1ZNo se presta c43598d43598